000 00860nam a2200241Ia 4500
001 9296
003 GE_BSU
008 181216s||||||||xx |||||||||||||| ||und||
040 _cGE_BSU
080 _a821.353.1-31+821.353.1-32
100 _aლორთქიფანიძე,კონსტანტინე
245 _aკოლხეთის ცისკარი
245 _bრომანი:მოთხრობები
245 _cრედ:ი.მოსაშვილი;მხატვ:გ.როინიშვილი
260 _aთბილისი.
260 _bსახელგამი
260 _c1952
300 _a532გვ;20სმ.
300 _b1ფ.პორტრ.
653 _aკოლხეთის ცისკარი
653 _aრომანი:მოთხრობები
942 _cBK
999 _c42593
_d42593